skbl

Dr Suryya Kumar Bhuyan Library Web-OPAC
ডঃ সূৰ্য্য
কুমাৰ ভূঞা পুথিভঁৰাল ৱেব-অ'পেক

All Research Scholars are advised to clear the annual library fees to continue using Library Resources, Remote Access, Plagiarism Test and Library Clearance.

Cotton University Book Fair 2026

Krishnakanta Handiqui Rachana Sambhar / (Record no. 1037)

MARC details
000 -LEADER
fixed length control field 00524nam a22002057a 4500
003 - CONTROL NUMBER IDENTIFIER
control field OSt
005 - DATE AND TIME OF LATEST TRANSACTION
control field 20260226154758.0
008 - FIXED-LENGTH DATA ELEMENTS--GENERAL INFORMATION
fixed length control field 260226b |||||||| |||| 00| 0 eng d
040 ## - CATALOGING SOURCE
Transcribing agency SKBL
041 ## - LANGUAGE CODE
Language code of text/sound track or separate title asm
082 ## - DEWEY DECIMAL CLASSIFICATION NUMBER
Classification number 891.414
Item number Go 69 Kr
100 ## - MAIN ENTRY--AUTHOR NAME
Personal name Goswami, Jatindranath.
Relator term Editor
245 #0 - TITLE STATEMENT
Title Krishnakanta Handiqui Rachana Sambhar /
250 ## - EDITION STATEMENT
Edition statement 1st ed. /
260 ## - PUBLICATION, DISTRIBUTION, ETC. (IMPRINT)
Place of publication Jorhat :
Name of publisher Asom Sahitya Sabha,
Year of publication 1984.
300 ## - PHYSICAL DESCRIPTION
Number of Pages 298p.;
650 ## - SUBJECT ADDED ENTRY--TOPICAL TERM
Topical Term Assamese linguistics
650 ## - SUBJECT ADDED ENTRY--TOPICAL TERM
Topical Term Krishna Kanta Handiqui
942 ## - ADDED ENTRY ELEMENTS (KOHA)
Koha item type Reference
Holdings
Withdrawn status Department Home library Current library Accession Date Full call number Accession Number Price effective from Koha item type Public note
    Dr. Suryya Kumar Bhuyan Library Dr. Suryya Kumar Bhuyan Library 01/02/2012 891.414 Go 69 Kr 80484 01/02/2012 Reference REF ALMIRAH 4

Designed and Maintained by Team SKBL
©1901-2026

Powered by Koha